000 00354nam a2200145Ia 4500
008 191201s2010 xx 000 0 und d
082 _a541.393
_bODP
100 _aODIAN,George
245 0 _aPrinciples of Polymerization
250 _aRep
260 _aN. Delhi
_bWiley Dreautech India
_c2010
300 _a812
650 _aB.Tech(TE)
942 _2ddc
_cBK
999 _c5213
_d5213